| 000 | 00539cam a2200193 a 4500 | ||
|---|---|---|---|
| 001 | 000008048 | ||
| 005 | 20200929154417.0 | ||
| 008 | 941222s1993 sp 000 1 spa | ||
| 020 | _a8479790822 | ||
| 040 |
_aDO-SdBNP _cDLC |
||
| 082 |
_a863.44 _bP226e |
||
| 100 | 1 |
_aPardo, Jesús. _910903 |
|
| 245 | 1 | 0 |
_aEclipses / _cJesús Pardo. |
| 260 |
_aMadrid : _bAnaya & Mario Muchnik, _c1993. |
||
| 300 |
_a300 p. ; _c22 cm. |
||
| 650 | 4 |
_aNovela española _91123 |
|
| 650 | 4 |
_aLiteratura española _9632 |
|
| 910 | _aCatalogación por copia / LC | ||
| 999 |
_c7825 _d7825 |
||